Science Biology-X (Record no. 2851)
[ view plain ]
| 000 -LEADER | |
|---|---|
| fixed length control field | 00225nam a22000857a 4500 |
| 008 - FIXED-LENGTH DATA ELEMENTS--GENERAL INFORMATION | |
| fixed length control field | 160820b xxu||||| |||| 00| 0 eng d |
| 100 ## - MAIN ENTRY--PERSONAL NAME | |
| 9 (RLIN) | 193 |
| Personal name | Mishra N.K |
| 245 ## - TITLE STATEMENT | |
| Title | Science Biology-X |
| 260 ## - PUBLICATION, DISTRIBUTION, ETC. (IMPRINT) | |
| Place of publication, distribution, etc. | New Delhi |
| Name of publisher, distributor, etc. | Bharati publication |
| Date of publication, distribution, etc. | 2009 |
| Withdrawn status | Lost status | Source of classification or shelving scheme | Damaged status | Koha normalized classification for sorting | Not for loan | Home library | Current library | Shelving location | Date acquired | Total Checkouts | Full call number | Barcode | Date last seen | Date last checked out | Price effective from | Koha item type |
|---|---|---|---|---|---|---|---|---|---|---|---|---|---|---|---|---|
| Dewey Decimal Classification | 574_000000000000000 | Good Samaritan School Library | Good Samaritan School Library | Biology | 08/20/2016 | 1 | 574 | MIS6595 | 09/27/2016 | 08/20/2016 | 08/20/2016 | BOOK |